000 00593nam a2200181Ia 4500
008 151202s9999||||xx |||||||||||||| ||und||
082 _bPNVM-61520
100 _aरानडे जयंत.
245 _aशूरा मी वंदिले.
260 _b"पार्टनर पब्लिकेशन,मुंबई."
260 _c61520
300 _a219
600 _aरानडे जयंत.
630 _aशूरा मी वंदिले.
700 _aरानडे जयंत.
730 _aशूरा मी वंदिले.
942 _cBOOK
999 _c1328054
_d1328051